书目信息 |
| 题名: |
机械原理
|
|
| 作者: | ;天津大学 主编 | |
| 分册: | 下册 | |
| 出版信息: | 北京 人民教育出版社 1979 |
|
| 页数: | 284页 | |
| 开本: | 26cm | |
| 丛书名: | ||
| 单 册: | ||
| 中图分类: | TH111 | |
| 科图分类: | ||
| 主题词: | 机构学--高等学校--教材 | |
| 电子资源: | ||
| ISBN: | ||
| 000 | 00625nam0 2200229 45 | |
| 001 | 0179005370 | |
| 005 | 20060724090927.17 | |
| 010 | @dCNY1.50 | |
| 091 | @a15012.0168 | |
| 100 | @a19950731d1979 em y0chiy0121 ea | |
| 101 | 0 | @achi |
| 102 | @aCN@b110000 | |
| 105 | @ay z 000yy | |
| 200 | 10 | @a机械原理@Aji xie yuan li@h下册@f天津大学主编@Ftian jin da xue zhu bian |
| 210 | @a北京@c人民教育出版社@d1979 | |
| 215 | @a284页@d26cm | |
| 300 | @a高等学校试用教材 | |
| 606 | @a机构学@x高等学校@x教材 | |
| 690 | @aTH111@v3 | |
| 711 | 02 | @a天津大学@Atian jin da xue@4主编 |
| 801 | 0 | @aCN@bNLC@c20060724 |
| 905 | @dTH111@e10:2 | |
| 机械原理.下册/天津大学主编.-北京:人民教育出版社,1979 |
| 284页;26cm |
| 高等学校试用教材 |
| ISBN :CNY1.50 |
| ● |
| 相关链接 |
|
|
|
|
正题名:机械原理
索取号:TH111/10:2
 
预约/预借
| 序号 | 登录号 | 条形码 | 馆藏地/架位号 | 状态 | 备注 |
| 1 | 0049948 | 001364099 | 第三借阅区/ [索取号:TH111/10:2] | 在馆 | |
| 2 | 0049949 | 202273280 | 密集书库/ [索取号:TH111/10:2] | 在馆 | |
| 3 | 0049950 | 202273299 | 密集书库/ [索取号:TH111/10:2] | 在馆 | |
| 4 | 0438264 | 204382649 | 密集书库/ [索取号:TH111/10:2] | 在馆 | |
| 5 | 0438265 | 204382658 | 密集书库/ [索取号:TH111/10:2] | 在馆 |